• 首页
  • 本馆介绍
  • 公告通知
  • 最新文献
  • 馆藏检索
  • 电子资源
  • 读者导购
  • 参考咨询
  • 我的图书馆
  • 登录
  • 详细信息显示
  • 放入我的书架
  • 预约/预借图书
  • 作者相关作品
  • 分类相关作品
  • 丛书相关作品
  • 出版社相关作品

书目信息

  • 表格格式
  • 工作单格式
  • 卡片格式
题名:
教育的智慧与温度
    
 
作者: 伍挺 主编
分册:  
出版信息: 北京   北京理工大学出版社有限责任公司  2021.4
页数: 248页
开本: 26cm
丛书名:
单 册:
中图分类: G63 , G610
科图分类:
主题词: 中小学教育--研究 , 学前教育--研究
电子资源:
ISBN: 978-7-5682-9699-1
000 01336nam0 2200277 45
001 012001001225
005 20140820154800.0
010    @a978-7-5682-9699-1@dCNY52.00
100    @a20210601d2021 em y0chiy0110 ea
101 0  @achi
102    @aCN@b110000
105    @aa z 000yy
106    @ar
200 1  @a教育的智慧与温度@Ajiao yu de zhi hui yu wen du@e瓯越教育故事荟@f伍挺主编
210    @a北京@c北京理工大学出版社有限责任公司@d2021.4
215    @a248页@c图@d26cm
300    @a其他题名:瓯越教育故事荟
330    @a本书收录了温州市名师名校长们的教育故事,每一篇都记录着他们各自在教育路上的所行所得、所思所感。全书分为四部分,分别是:“谋划践·行——学校管理篇”“跨越·蜕变——专业发展篇”“磨砺坚·守——教学研修篇”“陪伴燃·灯——学生故事篇”,主要聚焦校(园)长们的办学经历,老师们不断摸索前进的成长历程和他们以课堂为中心坚持教学研修的事迹,以及师生间的温暖故事。将这些饱含着对教育、对学生深深爱意的故事汇编成集,是希望能将教育的态度、价值、使命传达给更多人,也是希望能通过这些名师名校长们跃动且热烈的“爱”,用这些切身体悟、以身为范、以情动人的案例,为更多的教育工作者们提供可学习和借鉴的经验。
517 1  @a瓯越教育故事荟
606 0  @a中小学教育@x研究
606 0  @a学前教育@x研究
690    @aG63@v5
690    @aG610@v5
701  0 @a伍挺@Awu ting@4主编
801    @aCN@bAHXH@c20210922
905    @b1251320-4@dG63@e1118@f5
    
    教育的智慧与温度:瓯越教育故事荟/伍挺主编.-北京:北京理工大学出版社有限责任公司,2021.4
    248页:图;26cm
    其他题名:瓯越教育故事荟
    
    ISBN 978-7-5682-9699-1:CNY52.00
    本书收录了温州市名师名校长们的教育故事,每一篇都记录着他们各自在教育路上的所行所得、所思所感。全书分为四部分,分别是:“谋划践·行——学校管理篇”“跨越·蜕变——专业发展篇”“磨砺坚·守——教学研修篇”“陪伴燃·灯——学生故事篇”,主要聚焦校(园)长们的办学经历,老师们不断摸索前进的成长历程和他们以课堂为中心坚持教学研修的事迹,以及师生间的温暖故事。将这些饱含着对教育、对学生深深爱意的故事汇编成集,是希望能将教育的态度、价值、使命传达给更多人,也是希望能通过这些名师名校长们跃动且热烈的“爱”,用这些切身体悟、以身为范、以情动人的案例,为更多的教育工作者们提供可学习和借鉴的经验。
●
相关链接 在E读中查询图书 在五车中查询图书 在当当中查询图书 在豆瓣中查询图书


正题名:教育的智慧与温度     索取号:G63/1118         预约/预借

序号 登录号 条形码 馆藏地/架位号 状态 备注
1 1251320   212513207   第一样本阅览室/ [索取号:G63/1118] 在馆    
2 1251321   212513216   教育系资料室/ [索取号:G63/1118] 在馆    
3 1251322   212513225   教育系资料室/ [索取号:G63/1118] 在馆    
4 1251323   212513234   第四借阅区/ [索取号:G63/1118] 在馆    
5 1251324   212513243   第四借阅区/ [索取号:G63/1118] 在馆    
唐山师范学院图书馆 欢迎您!
大连网信软件有限公司© 版权所有